000
00291nam a2200121Ia 4500
008
220204s9999 xx 000 0 und d
082
_a
546.23
_b
ZIN
245
0
_a
Selenium
260
_a
New York
_b
Van Nostrand
_c
1974
700
_a
Cooper, W Charles
700
_a
Zingaro, Ralph
942
_c
BK
999
_c
25632
_d
25632